مكتبة جامعة عجلون الوطنية

فهرس بحث المكتبة

السلامة والصحة المهنية في القطاع الزراعي = (Record no. 33194)

MARC details
000 -LEADER
fixed length control field 00943nam a22002177a 4500
003 - CONTROL NUMBER IDENTIFIER
control field JO-AjAnu
005 - DATE AND TIME OF LATEST TRANSACTION
control field 20231202092620.0
008 - FIXED-LENGTH DATA ELEMENTS--GENERAL INFORMATION
fixed length control field 231129b jo ||||| |||| 00| 0 ara d
015 ## - NATIONAL BIBLIOGRAPHY NUMBER
Source 2020/7136
020 ## - INTERNATIONAL STANDARD BOOK NUMBER
International Standard Book Number 9789778125023
040 ## - CATALOGING SOURCE
Original cataloging agency JO-AjAnu
Language of cataloging ARA
Transcribing agency JO-AjAnu
041 ## - LANGUAGE CODE
Language code of text/sound track or separate title ARA
100 #1 - MAIN ENTRY--PERSONAL NAME
Personal name السيد، احمد جمال
9 (RLIN) 64538
Relator term [ معد وكترجم]
245 20 - TITLE STATEMENT
Title السلامة والصحة المهنية في القطاع الزراعي =
Remainder of title Occupational Safety and Health in the Agricultural Sector /
Statement of responsibility, etc. احمد جمال السيد، سامية عبد العظيم محروس
250 ## - EDITION STATEMENT
Edition statement الطبعة الاولى
260 ## - PUBLICATION, DISTRIBUTION, ETC.
Place of publication, distribution, etc. القاهرة :
Name of publisher, distributor, etc. المكتب العربي للمعارف،
Date of publication, distribution, etc. 2021
300 ## - PHYSICAL DESCRIPTION
Extent 218صفحة
650 70 - SUBJECT ADDED ENTRY--TOPICAL TERM
Topical term or geographic name entry element الصحة المهنية - الصحة العامه
9 (RLIN) 64539
700 #1 - ADDED ENTRY--PERSONAL NAME
Personal name محروس، سامية عبد العظيم محروس
9 (RLIN) 64540
Relator term [معد ومترجم]
942 ## - ADDED ENTRY ELEMENTS (KOHA)
Source of classification or shelving scheme Library of Congress Classification
Koha item type Books
Suppress in OPAC No
Holdings
Withdrawn status Lost status Source of classification or shelving scheme Damaged status Not for loan Home library Current library Date acquired Total Checkouts Full call number Barcode Date last seen Price effective from Koha item type
    Library of Congress Classification     مكتبة جامعة عجلون الوطنية مكتبة جامعة عجلون الوطنية 29/11/2023   RA425.2021 A29668 29/11/2023 29/11/2023 Books
    Library of Congress Classification     مكتبة جامعة عجلون الوطنية مكتبة جامعة عجلون الوطنية 29/11/2023   RA425.2021 A29669 29/11/2023 29/11/2023 Books